Números en Indonesio - Estadísticas

Estadísticas generales
  • Esta prueba ha sido intentada 5 veces
  • La puntuación promedio es 11 de 32
Estadísticas de respuestas
Números Indonesio % Correcto
5 Lima
100%
10 Sepuluh
100%
3 Tiga
100%
2 Dua
67%
4 Empat
67%
8 Delapan
33%
20 Dua Puluh
33%
200 Dua Ratus
33%
40 Empat Puluh
33%
400 Empat Ratus
33%
6 Enam
33%
Segundo Kedua
33%
Cuarto Keempat
33%
Tercero Ketiga
33%
Primero Pertama
33%
1 Satu
33%
11 Sebelas
33%
9 Sembilan
33%
10.000 Sepuluh Ribu
33%
100 Seratus
33%
100.000 Seratus Ribu
33%
1.000 Seribu
33%
30 Tiga Puluh
33%
300 Tiga Ratus
33%
7 Tujuh
33%
Octavo Kedelapan
0%
Sexto Keenam
0%
Quinto Kelima
0%
Noveno Kesembilian
0%
Décimo Kesepuluh
0%
Séptimo Ketujuh
0%
1.000.000 Satu Juta
0%
No se encontraron pruebas coincidentes
Distribución de puntuación
Porcentaje de gente con cada puntuación
Porcentaje por número respondido
Historial de tus puntuaciones
No has intentado esta prueba.